Schieramento MotoGP 2025 - Statistics

Statistiche generali
  • Questo quiz è stato fatto 181 volte
  • Il punteggio medio è 18 su 22
Statistiche sulle risposte
Team Pilota % Corretto
Ducati Lenovo Francesco Bagnaia
99%
Ducati Lenovo Marc Marquez
94%
Gresini Racing Alex Marquez
91%
VR46 Franco Morbidelli
91%
Aprilia Racing Jorge Martin
91%
Aprilia Racing Marco Bezzecchi
90%
Yamaha Factory Fabio Quartararo
89%
VR46 Fabio Digiannantonio
86%
Honda HRC Joan Mir
84%
Honda HRC Luca Marini
84%
LCR Honda Johann Zarco
83%
KTM Tech3 Enea Bastianini
81%
KTM Factory Pedro Acosta
79%
Yamaha Factory Alex Rins
78%
Yamaha Pramac Jack Miller
78%
KTM Teck3 Maverick Vinales
74%
Aprilia Trackhouse Ai Ogura
73%
KTM Factory Brad Binder
73%
Aprilia Trackhouse Raul Fernandez
69%
Gresini Racing Fermin Aldeguer
67%
Yamaha Pramac Miguel Oliveira
57%
LCR Honda Somkiat Chantra
53%
Nessun quiz corrispondente trovato
Distribuzione punteggi
Percentuale di utenti per punteggio
Percentile per numero di risposta
I tuoi punteggi nel tempo
Non hai fatto questo quiz